Pokémon - Les Starters - Statistiques

Statistiques générales
  • Ce quiz a été pris 615 fois
  • Le résultat moyen est 18 sur 29
Statistiques - réponses
Génération Pokémon % Correct
1 Salamèche
98%
1 Bulbizarre
97%
1 Carapuce
97%
1 Pikachu
90%
3 Poussifeu
76%
3 Arcko
74%
2 Kaiminus
74%
4 Tiplouf
74%
1 Évoli
73%
2 Héricendre
72%
3 Gobou
69%
4 Ouisticram
69%
4 Tortipouss
68%
6 Grenousse
65%
2 Germignon
64%
5 Vipélierre
64%
5 Gruikui
61%
5 Moustillon
60%
7 Flamiaou
58%
7 Brindibou
55%
6 Feunnec
55%
6 Marisson
53%
7 Otaquin
53%
9 Poussacha
44%
9 Chochodile
40%
8 Ouistempo
39%
8 Larméléon
38%
8 Flambino
37%
9 Coiffeton
28%
Aucun quiz correspondant
Distribution des résultats
% des personnes avec chaque résultat
Percentile par nombre de réponses
Votre historique - résultats
Vous n’avez pas pris ce quiz